Photographer's handbook. (Record no. 41269)
[ view plain ]
| 000 -LEADER | |
|---|---|
| fixed length control field | 00453nam a2200193 4500 |
| 001 - CONTROL NUMBER | |
| control field | 3144076 |
| 005 - DATE AND TIME OF LATEST TRANSACTION | |
| control field | 20180130052900.0 |
| 008 - FIXED-LENGTH DATA ELEMENTS--GENERAL INFORMATION | |
| fixed length control field | 720907s1972 nyua 000 0 eng |
| 010 ## - LIBRARY OF CONGRESS CONTROL NUMBER | |
| LC control number | 73114406 |
| 040 ## - CATALOGING SOURCE | |
| Original cataloging agency | DLC |
| Transcribing agency | DLC |
| Modifying agency | DLC |
| 041 ## - LANGUAGE CODE | |
| Language code of text/sound track or separate title | eng |
| 080 ## - UNIVERSAL DECIMAL CLASSIFICATION NUMBER | |
| Universal Decimal Classification number | 770.202 LIF |
| 082 00 - DEWEY DECIMAL CLASSIFICATION NUMBER | |
| Classification number | 770.202 LIF |
| 100 ## - Rafti | |
| Rafti | 44 |
| 101 ## - Shkurtesa | |
| Shkurtesa | ART |
| 245 00 - TITLE STATEMENT | |
| Title | Photographer's handbook. |
| 906 ## - LOCAL DATA ELEMENT F, LDF (RLIN) | |
| a | 7 |
| b | cbc |
| c | orignew |
| d | 2 |
| e | ncip |
| f | 19 |
| g | y-gencatlg |
| 942 ## - ADDED ENTRY ELEMENTS (KOHA) | |
| Source of classification or shelving scheme | |
| Item type | Books |
| Withdrawn status | Lost status | Source of classification or shelving scheme | Damaged status | Not for loan | Collection code | Permanent location | Current location | Shelving location | Date acquired | Total Checkouts | Full call number | Barcode | Date last seen | Price effective from | Koha item type |
|---|---|---|---|---|---|---|---|---|---|---|---|---|---|---|---|
| Koleksioni i përgjithshem | UBT - Lipjan | UBT - Lipjan | Koleksioni i përgjithshem | 01/30/2018 | 770.202 LIF | 002-2997077 | 01/30/2018 | 01/30/2018 | Books | ||||||
| Koleksioni i përgjithshem | UBT - Lipjan | UBT - Lipjan | Koleksioni i përgjithshem | 01/30/2018 | 770.202 LIF | 002-2997076 | 01/30/2018 | 01/30/2018 | Books | ||||||
| Koleksioni i përgjithshem | UBT - Lipjan | UBT - Lipjan | Koleksioni i përgjithshem | 01/30/2018 | 770.202 LIF | 002-2997071 | 01/30/2018 | 01/30/2018 | Books | ||||||
| Koleksioni i përgjithshem | UBT - Lipjan | UBT - Lipjan | Koleksioni i përgjithshem | 01/30/2018 | 770.202 LIF | 002-2997066 | 01/30/2018 | 01/30/2018 | Books | ||||||
| Koleksioni i përgjithshem | UBT - Lipjan | UBT - Lipjan | Koleksioni i përgjithshem | 01/30/2018 | 770.202 LIF | 002-2997061 | 01/30/2018 | 01/30/2018 | Books | ||||||
| Koleksioni i përgjithshem | UBT - Lipjan | UBT - Lipjan | Koleksioni i përgjithshem | 01/30/2018 | 770.202 LIF | 002-2997056 | 01/30/2018 | 01/30/2018 | Books | ||||||
| Koleksioni i përgjithshem | UBT - Lipjan | UBT - Lipjan | Koleksioni i përgjithshem | 01/30/2018 | 770.202 LIF | 002-2997075 | 01/30/2018 | 01/30/2018 | Books | ||||||
| Koleksioni i përgjithshem | UBT - Lipjan | UBT - Lipjan | Koleksioni i përgjithshem | 01/30/2018 | 770.202 LIF | 002-2997070 | 01/30/2018 | 01/30/2018 | Books |